000 00371nam a2200145Ia 4500
008 230917s9999||||xx |||||||||||||| ||und||
040 _e58719
_aMAIN
041 _aEnglish
082 _a382 H368I
100 _aHelleiner Gerald K
245 0 _aIntra-Firm trade and the developing countries
260 _aLondon
_bMacmillan
_c1981
300 _aix, 110 p.
942 _cBK
999 _c225627
_d225627